| Поле | Инд. | ПП | Название | Значение |
|---|---|---|---|---|
| Тип записи | a | |||
| Библиографический уровень | b | |||
| 001 | Контрольный номер | RU/IS/BASE/128528095 | ||
| 005 | Дата корректировки | 20200609191252.1 | ||
| 084 | a | Индекс другой классификации/Индекс ББК | 83.3(2=411.2)53-004 | |
| a | Индекс другой классификации/Индекс ББК | 87.8г(2) | ||
| 100 | 1_ | a | Автор | Жукоцкая З. Р. |
| 245 | _1 | a | Заглавие | "Бессознательный символизм": к философии музыки Андрея Белого |
| 504 | a | Библиография | Библиогр.: с. 176 | |
| 600 | 14 | a | Персоналии | Белый Андрей |
| 650 | 04 | a | Основная рубрика | история литературы |
| a | Основная рубрика | литературоведение | ||
| a | Основная рубрика | филологические науки | ||
| a | Основная рубрика | философские науки | ||
| a | Основная рубрика | эстетика | ||
| 653 | 0_ | a | Ключевые слова | XX век |
| a | Ключевые слова | музыка | ||
| a | Ключевые слова | поэзия | ||
| a | Ключевые слова | Россия | ||
| a | Ключевые слова | русская литература | ||
| a | Ключевые слова | символизм | ||
| a | Ключевые слова | синтез искусств | ||
| a | Ключевые слова | философия искусства | ||
| a | Ключевые слова | философия культуры | ||
| a | Ключевые слова | философия литературы | ||
| a | Ключевые слова | философия музыки | ||
| 773 | 18 | t | Заглавие источника | Общественные науки и современность |
| d | Дата издания источника | 2003 | ||
| g | Прочая информация | № 5. - С. 171 - 176 | ||
| w | Контрольный № источника | RU/IS/BASE/118154823 | ||
| 901 | t | Тип документа | b |